| 000 | 00540nam a2200157Ia 4500 | ||
|---|---|---|---|
| 008 | 100122s9999 xx 000 0 und d | ||
| 082 |
_b75244 _a922.945 |
||
| 100 | _aबागमार पी सी | ||
| 245 | _aप्रिय आत्मन्: ओशो स्मृतिगंध | ||
| 250 | _a1 | ||
| 260 | _c2008 | ||
| 300 | _a200 | ||
| 630 | _aप्रिय आत्मन्: ओशो स्मृतिगंध | ||
| 730 | _aप्रिय आत्मन्: ओशो स्मृतिगंध | ||
| 942 | _cBOOK | ||
| 999 |
_c391321 _d391318 |
||